| 000 | 00932nam a2200241 i 4500 | ||
|---|---|---|---|
| 999 |
_c7767 _d7767 |
||
| 001 | Rebiun33473610 | ||
| 003 | OSt | ||
| 005 | 20230906142539.0 | ||
| 008 | 230622s2023 sp |||| | u0|| 0|spa d | ||
| 020 | _a9788419471901 | ||
| 040 |
_aES-VaUPV _bspa _cCDRM |
||
| 245 | 0 | 0 |
_aNuevos y viejos desafíos del periodismo / _cSantiago Tejedor, Cristina Pulido (editores) |
| 260 |
_aValencia : _bTirant Humanidades, _c2023 |
||
| 300 |
_a328 p. ; _c25 cm |
||
| 490 | 0 | _aCiencias de la comunicación | |
| 505 | _aRecull de les ponències presentades al "I Congreso Innovacom: Nuevos y viejos desafíos del periodismo" celebrat a la UAB els dies 5-6 d'octubre de 2021 | ||
| 650 | 0 |
_aPremsa digital _93188 _vCongressos |
|
| 650 | 0 |
_aPeriodisme _92272 _xInnovacions tecnològiques _vCongressos |
|
| 650 | 0 |
_aPeriodisme _92734 _xEnsenyament _vCongressos |
|
| 700 | 1 | _aTejedor, Santiago, | |
| 700 | 1 | _aPulido, Cristina, | |
| 942 |
_2udc _cMON |
||